flores en español - Estadísticas

Estadísticas generales
  • Esta prueba ha sido intentada 17 veces
  • La puntuación promedio es 8 de 13
Estadísticas de respuestas
Inglés Spanish % Correcto
Sunflower el girasol
93%
Jasmine el jazmín
93%
To Plant Plantar
86%
To Water Regar
86%
Tulip el tulipán
79%
Rose la rosa
71%
Lavender la lavanda
57%
Orchid la orquídea
57%
Lily el lirio
43%
Daisy la margarita
43%
Poppy la amapola
21%
To Prune Podar
21%
To Weed Deshierbar
7%
No se encontraron pruebas coincidentes
Distribución de puntuación
Porcentaje de gente con cada puntuación
Porcentaje por número respondido
Historial de tus puntuaciones
No has intentado esta prueba.